书目信息 |
| 题名: |
电动力学
|
|
| 作者: | 郭硕鸿 编 | |
| 分册: | ||
| 出版信息: | 北京 高等教育出版社 1978 |
|
| 页数: | 325页 | |
| 开本: | 21cm | |
| 丛书名: | ||
| 单 册: | ||
| 中图分类: | O442 | |
| 科图分类: | ||
| 主题词: | 电动力学 | |
| 电子资源: | ||
| ISBN: | ||
| 000 | 00566nam0 2200229 45 | |
| 001 | 0181008348 | |
| 005 | 20070925165809.20 | |
| 010 | @dCNY1.00 | |
| 091 | @a13010.0286 | |
| 100 | @a20810111d1978 km y0chiy0120 ea | |
| 101 | 0 | @achi |
| 102 | @aCN@b110000 | |
| 102 | @aCN@b110000 | |
| 200 | 1 | @a电动力学@Adian dong li xue@f郭硕鸿编@FGuo Shuo Hong Bian |
| 210 | @a北京@c高等教育出版社@d1978 | |
| 215 | @a325页@d21cm | |
| 300 | @a高等学校教材 | |
| 606 | 0 | @a电动力学 |
| 690 | @aO442@v3 | |
| 701 | 0 | @a郭硕鸿@4编 |
| 801 | @aCN@bTSTC@c20070925 | |
| 905 | @dO442@e15 | |
| 电动力学/郭硕鸿编.-北京:高等教育出版社,1978 |
| 325页;21cm |
| 高等学校教材 |
| ISBN :CNY1.00 |
| ● |
| 相关链接 |
|
|
|
|
正题名:电动力学
索取号:O442/15
 
预约/预借
| 序号 | 登录号 | 条形码 | 馆藏地/架位号 | 状态 | 备注 |
| 1 | 0609803 | 206098033 | 密集书库/ [索取号:O442/15] | 在馆 |